ბათუმის შოთა რუსთაველის სახელმწიფო უნივერსიტეტის ბიბლიოთეკა

დემოკრატია ამერიკაში / (ბიბ.ჩანაწერი № 36798)

000 -ლიდერი
ფიქსირებული სიგრძის საკონტროლო ველი 01799nam a2200289Ia 4500
001 - საკონტროლო ნომერი
საკონტროლო ველი 2738
003 - საკონტროლო ნომრის იდენტიფიკატორი
საკონტროლო ველი GE_BSU
005 - ბოლო ოპერაციის თარიღი და დრო
საკონტროლო ველი 20190606153913.0
008 - ფიქსირებული სიგრძის მონაცემთა ელემენტები - ზოგადი ინფორმაცია
ფიქსირებული სიგრძის საკონტროლო ველი 181216s2011||||ge |||||||||||||| ||geo||
020 ## - წიგნის საერთაშორისო სტანდარტული ნომერი
International Standard Book Number 9789941917424
040 ## - კატალოგიზაციის წყარო
Transcribing agency GE_BSU
041 ## - ენის კოდი
Language code of text/sound track or separate title geo
080 ## - უნივერსალური ათობითი კლასიფიკაციის ინდექსი
Universal Decimal Classification number 321.7 ტ–66
100 ## - მთავარი ჩანაწერი - პიროვნების სახელი
Personal name ტოკვილი, ალექსის დე
9 (RLIN) 2227
245 ## - ცნობა სათაურის შესახებ
Title დემოკრატია ამერიკაში /
Statement of responsibility, etc ალექსის დე ტოკვილი ; ფრანგ. თარგმნა დოდო ლაბუჩიძე-ხოფერიამ ; სამეცნ. რედ.: თენგიზ ირემაძე და სხვ. ; გრ. რობაქიძის სახ. უნ-ტი, ფილოს. და სოც. მეცნ. კვლევითი ინ-ტი
264 ## - წარმოების, გამოცემის, დისტრიბუციის და სხვა ცნობები
გამოცემის, წარმოების, დისტრიბუციის... ადგილი თბილისი :
გამოცემის, წარმოების, დისტრიბუციის... სახელწოდება გრ. რობაქიძის სახ. უნ-ტის გამ-ბა,
გამოცემის, წარმოების, დისტრიბუციის... თარიღი 2011.
300 ## - ფიზიკური აღწერა
Extent 588 გვ.;
Other physical details 29 სმ.
500 ## - ზოგადი შენიშვნა
General note სახელთა საძ.: გვ. 585-586. - შენიშვნ.: გვ. 551-584.
653 ## - INDEX TERM--UNCONTROLLED
Uncontrolled term დემოკრატია ამერიკაში
700 ## - ADDED ENTRY--PERSONAL NAME
Personal name ლაბუჩიძე-ხოფერია, დოდო
Relator term მთარგმნელი
9 (RLIN) 2228
700 ## - ADDED ENTRY--PERSONAL NAME
Personal name ირემაძე, თენგიზ
Relator term რედაქტორი
9 (RLIN) 2229
700 ## - ADDED ENTRY--PERSONAL NAME
Personal name ზაქარაძე, ლალი
Relator term რედაქტორი
9 (RLIN) 2152
700 ## - ADDED ENTRY--PERSONAL NAME
Personal name თავაძე, გიორგი
Relator term რედაქტორი
9 (RLIN) 2230
710 ## - ADDED ENTRY--CORPORATE NAME
Corporate name or jurisdiction name as entry element გრ. რობაქიძის სახ. უნ-ტი
Subordinate unit ფილოს. და სოც. მეცნ. კვლევითი ინ-ტი
9 (RLIN) 2231
942 ## - ADDED ENTRY ELEMENTS (KOHA)
Koha item type წიგნი
Source of classification or shelving scheme
ეგზემპლარები
ჩამოწერის სტატუსი დაკარგული ეგზემპლარის სტატუსი კლასიფიკაციის წყარო ან თაროზე გაწყობის სქემა დაზიანების სტატუსი არ გაიცემა მუდმივი მდებარეობა (დაცვის ადგილი) ამჟამინდელი ადგილსამყოფელი თაროზე განთავსების ადგილი შეძენის თარიღი ღირებულება, შესყიდვის ნორმალური ფასი სრული შენახვის შიფრი შტრიხკოდი ბოლო ოპერაციის თარიღი ეგზემპლარის მიმდევრობითი ნომერი (კეტერი?) ფასის ძალაში შესვლის თარიღი ეგზემპლარის სახეობა საჯარო შენიშვნა
          ბათუმის შოთა რუსთაველის სახელმწიფო უნივერსიტეტის მთავარი ბიბლიოთეკა ბათუმის შოთა რუსთაველის სახელმწიფო უნივერსიტეტის მთავარი ბიბლიოთეკა წიგნსაცავი 2018-12-17 35.00 321.7 ტ–66 4626 2018-12-17 4626 2018-12-17 წიგნი 35 ლ.
          ბათუმის შოთა რუსთაველის სახელმწიფო უნივერსიტეტის მთავარი ბიბლიოთეკა ბათუმის შოთა რუსთაველის სახელმწიფო უნივერსიტეტის მთავარი ბიბლიოთეკა წიგნსაცავი 2018-12-17 35.00 321.7 ტ–66 4627 2018-12-17 4627 2018-12-17 წიგნი 35 ლ.
          ბათუმის შოთა რუსთაველის სახელმწიფო უნივერსიტეტის მთავარი ბიბლიოთეკა ბათუმის შოთა რუსთაველის სახელმწიფო უნივერსიტეტის მთავარი ბიბლიოთეკა წიგნსაცავი 2018-12-17 35.00 321.7 ტ–66 54384 2018-12-17 54384 2018-12-17 წიგნი 35 ლ.
          ბათუმის შოთა რუსთაველის სახელმწიფო უნივერსიტეტის მთავარი ბიბლიოთეკა ბათუმის შოთა რუსთაველის სახელმწიფო უნივერსიტეტის მთავარი ბიბლიოთეკა წიგნსაცავი 2018-12-17 35.00 321.7 ტ–66 54385 2018-12-17 54385 2018-12-17 წიგნი 35 ლ.